000 00694nam a2200217 a 4500
005 20210223130552.0
008 080730s1980 mx r 000 0 spa d
035 _aUPN01000158512
049 _aUNE
080 _a613.22 OBS No.38.
245 0 0 _aObservemos su crecimiento :
_bpresentacion de una publicación de gran utilidad.
260 _aParís :
_bUNESCO :
_bUNICEF,
_c1980.
300 _a23 p. :
_bil.
440 0 _aNotes, Comments ... ;
_v38.
690 _aNiños - Nutrición - Servicios de salud
690 _aServicios de salud - Malnutrición - Niños
690 _aDesarrollo del niño - Servicios de salud
710 2 _aUNICEF
_924085
710 2 _aUNESCO
905 _aUNESCO
999 _c130626
_d130626